Der Drang nach Kohärenz Kohärenzstiftende kognitive Mechanismen beim Lesen fiktionaler Erzähltexte /

Elmentve itt :
Bibliográfiai részletek
Szerző: Horváth Márta
Dokumentumtípus: Könyv része
Megjelent: Wissenschaftlicher Verlag Trier Trier 2014
Sorozat:Universalien? : Über die Natur der Literatur
mtmt:2545693
Online Access:http://publicatio.bibl.u-szeged.hu/14193
LEADER 00842naa a2200205 i 4500
001 publ14193
005 20190401104112.0
008 190107s2014 hu o 0|| német d
020 |a 9783868215106 
024 7 |a 2545693  |2 mtmt 
040 |a SZTE Publicatio Repozitórium  |b hun 
041 |a német 
100 1 |a Horváth Márta 
245 1 4 |a Der Drang nach Kohärenz  |h [elektronikus dokumentum] :  |b Kohärenzstiftende kognitive Mechanismen beim Lesen fiktionaler Erzähltexte /  |c  Horváth Márta 
260 |a Wissenschaftlicher Verlag Trier  |b Trier  |c 2014 
300 |a 16 
300 |a 47-62 
490 0 |a Universalien? : Über die Natur der Literatur 
856 4 0 |u http://publicatio.bibl.u-szeged.hu/14193/1/Koharenzstiftung_2014.pdf  |z Dokumentum-elérés  
856 4 0 |u http://publicatio.bibl.u-szeged.hu/14193/12/2545685_ciml_tarj.pdf  |z Dokumentum-elérés